000 00369nam a2200145 i 4500
001 bg
100 1 _aPRZEWORSKA ROLEWICZ, Danuta
245 0 _aPrzestrzenie liniowe i operatory liniowe /
_cDanuta Przeworska-Rolewicz.
260 _aWarszawa,
_c1977.
040 _cBPK
041 _apol
080 _a512.8
942 _cKS
008 s pl f |000 0 pol
999 _c27825
_d27825
856 _uhttp://koha.tu.koszalin.pl/cgi-bin/koha/opac-detail.pl?biblionumber=27825
_yKatalog online BPK